| 000 | 00495pab a2200181 454500 | ||
|---|---|---|---|
| 008 | 180718b2014 xxu||||| |||| 00| 0 eng d | ||
| 100 | _aFoot, Rosemary | ||
| 245 | _aChina's influence on Asian states during the creation of the U.N. Human Right Council: 2005-2007 | ||
| 260 | _c2014 | ||
| 300 | _ap.849-868. | ||
| 362 | _aSep-Oct | ||
| 650 | _aHuman rights - China | ||
| 650 | _aHuman rights | ||
| 700 | _aInboden, Rana Siu | ||
| 773 | _aAsian Survey | ||
| 908 | _aN | ||
| 909 | _a105902 | ||
| 999 |
_c105897 _d105897 |
||